书目信息 |
| 题名: |
中国民族管弦乐曲二十三首
|
|
| 作者: | 朱晓谷 著 | |
| 分册: | ||
| 出版信息: | 上海 上海音乐出版社 2002 |
|
| 页数: | 311页 | |
| 开本: | 31cm | |
| 丛书名: | ||
| 单 册: | ||
| 中图分类: | J648.61 | |
| 科图分类: | ||
| 主题词: | 民族器乐--管弦乐--器乐曲--中国--现代--选集 , 民族器乐 , 管弦乐 , 器乐曲 | |
| 电子资源: | ||
| ISBN: | 7-80667-048-3 | |
| 000 | 01024nam0 2200265 450 | |
| 001 | 1234958377 | |
| 005 | 20121019094318.15 | |
| 010 | @a7-80667-048-3@dCNY60.00 | |
| 100 | @a20020605d2002 em y0chiy0110 ea | |
| 101 | 0 | @achi |
| 102 | @aCN@b310000 | |
| 105 | @aa z 000yy | |
| 200 | 1 | @a中国民族管弦乐曲二十三首@Azhong guo min zu guan xian yue qu er shi san shou@f朱晓谷著 |
| 210 | @a上海@c上海音乐出版社@d2002 | |
| 215 | @a311页@c照片@d31cm | |
| 314 | @a朱晓谷(1941~),生于安徽合肥。上海音乐家协会理事、中国民族管弦乐学会常务理事、上海民族管弦乐学会副会长、国家一级作曲家。作品有《红楼梦》、《沸腾的码头》等。 | |
| 330 | @a本集含括了二十三首风格迥异的曲目,有小型的民族管弦乐合奏曲、弦乐合奏曲、弹乐及吹打乐合奏曲。兼有不同乐器组合的三重奏、五重奏、七重奏曲等。 | |
| 606 | 0 | @a民族器乐@x管弦乐@x器乐曲@y中国@z现代@j选集 |
| 606 | 0 | @a民族器乐 |
| 606 | 0 | @a管弦乐 |
| 606 | 0 | @a器乐曲 |
| 690 | @aJ648.61@v4 | |
| 701 | 0 | @a朱晓谷@Azhu xiao gu@4著 |
| 801 | 0 | @aCN@bNLC@c20101222 |
| 905 | @a10447@dJ648.61@eJY51 | |
| 中国民族管弦乐曲二十三首/朱晓谷著.-上海:上海音乐出版社,2002 |
| 311页:照片;31cm |
| ISBN 7-80667-048-3:CNY60.00 |
| 本集含括了二十三首风格迥异的曲目,有小型的民族管弦乐合奏曲、弦乐合奏曲、弹乐及吹打乐合奏曲。兼有不同乐器组合的三重奏、五重奏、七重奏曲等。 |
| ● |
| 相关链接 |
|
|
|
|
正题名:中国民族管弦乐曲二十三首
索取号:J648.61/JY51
 
预约/预借
| 序号 | 登录号 | 条形码 | 馆藏地/架位号 | 状态 | 备注 |
| 1 | 7834155 | 278341554 | 学院路分馆/ [索取号:J648.61/JY51] | 在馆 | |
| 2 | 7834358 | 278343589 | 学院路分馆/ [索取号:J648.61/JY51] | 在馆 | |
| 3 | 7834359 | 278343598 | 学院路分馆/ [索取号:J648.61/JY51] | 在馆 |